Statistics for Ballon D'or Winners 2008 - 2023

Click here to take the quiz!

General Stats

  • This quiz has been taken 171 times
  • The average score is 15 of 15

Answer Stats

HintAnswer% Correct
2008Cristiano Ronaldo
100%
2013Cristiano Ronaldo
100%
2014Cristiano Ronaldo
100%
2016Cristiano Ronaldo
100%
2017Cristiano Ronaldo
100%
2009Lionel Messi
100%
2010Lionel Messi
100%
2011Lionel Messi
100%
2012Lionel Messi
100%
2015Lionel Messi
100%
2019Lionel Messi
100%
2021Lionel Messi
100%
2023Lionel Messi
100%
2018Luka Modric
96%
2022Karim Benzema
91%

Score Distribution

Percentile by Number Answered

Percent of People with Each Score

Your Score History

You have not taken this quiz